Obra completa de Joan Fuster / edició, preliminars i apèndixs d'Antoni Furió i de Josep Palàcios
ISBN:
84-297-5155-6
Descripción Física:
v. ; 24 cm
Colección:
Clàssics catalans
MARC
| LEADER | 00000nam a2200000Ia 4500 | ||
|---|---|---|---|
| 001 | 14668 | ||
| 008 | 160829s2002 xx 000 0 cat d | ||
| 020 | |a 84-297-5155-6 (o.c.), 84-297-5007-X (v.1) | ||
| 080 | |a L-2-25 | ||
| 100 | 1 | |a Fuster, Joan |9 36583 | |
| 245 | |a Obra completa de Joan Fuster / edició, preliminars i apèndixs d'Antoni Furió i de Josep Palàcios | ||
| 260 | |a Barcelona : |b Edicions 62 : |b Diputació de Barcelona : |b Universitat de València, |c 2002 | ||
| 300 | |a v. ; |c 24 cm | ||
| 490 | |a Clàssics catalans | ||
| 590 | |a Índexs | ||
| 700 | 1 | |a Furió, Antoni |9 38182 | |
| 700 | |a Palàcios, Josep, ed. i pr. |9 38183 | ||
| 710 | 2 | |b Universitat de València |9 51498 | |
| 866 | |a V. 1r: Poesia, aforismes, diari, vinyetes i dibuixos | ||
| 901 | |a Arxiu | ||
| 942 | |n 1 | ||
| 952 | |0 0 |1 0 |4 0 |6 L225 |7 1 |9 48311 |a Arxiu |b Arxiu |d 2016-12-01 |l 0 |o L-2-25 |p 14668 |r 2016-12-01 00:00:00 |w 2016-12-01 |y ARXIU | ||
| 999 | |c 52117 |d 52117 | ||